| 000 | 00439nam a22001577a 4500 | ||
|---|---|---|---|
| 082 | _aT-182 | ||
| 100 |
_aImran Yasin _950751 |
||
| 110 |
_aImran Yasin _950752 |
||
| 245 | _aImplementation of building information modeling (BIM) in the construction industry of Pakistan | ||
| 260 |
_aMCE; _bMCE, _c2014. |
||
| 300 |
_a58p. _bill. _c28cm. |
||
| 500 | _aThesis | ||
| 526 |
_a0 _b0 _c0 _dT_182 |
||
| 526 |
_a0 _b0 _c0 _dT_182 |
||
| 942 |
_2ddc _cBK |
||
| 999 |
_c553510 _d553510 |
||